Medinaceli y Colón: la otra alternativa del descubrimiento

Saved in:
Bibliografiske detaljer
Hovedforfatter: Sánchez González, Antonio (Author)
Format: Bog
Sprog:spansk
Udgivet: Madrid, España Mafpfre 1995
Serier:Colección Relaciones entre España y América
Fag:
Tags: Tilføj Tag
Ingen Tags, Vær først til at tagge denne postø!

MARC

LEADER 00000nam a2200000 a 4500
001 UCR5862
003 CL-VaPUC
005 20210813001816.0
008 980403e19950000SP |||||||||||||||||spa|d
999 |c 268210  |d 268208 
040 |c Pontificia Universidad Católica de Valparaíso 
082 0 4 |a 946 SAN 1995  |2 21 
100 0 |a Sánchez González, Antonio  |e author  |9 406766 
245 1 0 |a Medinaceli y Colón:  |b  la otra alternativa del descubrimiento 
260 |a Madrid, España  |b Mafpfre  |c 1995 
300 |a 334 páginas 
490 0 |a Colección Relaciones entre España y América 
583 |a last modification  |c 20160810 05:41:59  |k Rodrigo Vera 
600 0 7 |a COLON, CRISTOBAL  |2 CL-VaPUC  |9 265189 
650 7 |a HISTORIA DE ESPAÑA  |2 CL-VaPUC  |9 345321  |y SIGLO 15 
650 0 |a Monarquía   |9 255259 
852 |a BIBCUR 
942 |c BK  |2 ddc 
945 |d 19980403 00:00:00  |a rbrito 
952 |0 0  |1 0  |2 ddc  |4 0  |6 946_000000000000000_SAN_1995  |7 0  |8 A  |9 301178  |a BIBHIS  |b BIBHIS  |d 2019-11-20  |i 339672K  |o 946 SAN 1995  |p 339672K  |r 2025-01-20  |t 1  |w 2019-11-20  |y BK  |k HIS